00577nam a2200145Ia 4500008004100000245019800041260001700239260000900256300000900265650002300274650001200297856003000309999001900339952007300358170516s9999 xx 000 0 und d 4aThe Architecture and Biological Function of Dual Antibody-Coated Dendrimers: Enhanced Control of Circulating Tumor cells and Their Hetero-Adhesion to Endothelial Cells for Metastasis Prevention bTheranostics c2014 a4:12 xMedical Technology xMedtech uhttp://www.thno.org/v4i12 c330826d330826 001040aCLbCLd2017-05-16l0r2017-05-16 00:00:00w2017-05-16yFOJ